Statistics for Guess the Celebrity Birthday

Click here to take the quiz!

General Stats

  • This quiz has been taken 7 times
  • The average score is 10 of 15

Answer Stats

HintAnswer% Correct
Elon MuskJune 28
100%
Lebron JamesDecember 30
83%
Ed SheeranFebruary 17
83%
Tom BradyAugust 3
67%
Jeff BezosJanuary 12
67%
Volodymyr ZelenskyyJanuary 25
67%
Justin TimberlakeJanuary 31
67%
Lionel MessiJune 24
67%
Stephen CurryMarch 14
67%
Joe BidenNovember 20
67%
Conan GrayDecember 5
50%
Kawhi LeonardJune 29
50%
Jim ParsonsMarch 24
50%
Khaby LameMarch 9
50%
Jimmy Donaldson (Mr. Beast)May 7
50%

Score Distribution

Percentile by Number Answered

Percent of People with Each Score

Your Score History

You have not taken this quiz